Statistics for Europa League 2010's winners starting XI

Click here to take the quiz!

General Stats

  • This quiz has been taken 129 times
  • The average score is 60 of 110

Answer Stats

HintAnswer% Correct
DF César Azpilicueta
95%
DF Diego Godín
94%
GKPetr Cech
91%
FW Antoine Griezmann
90%
MF Koke
90%
DF Antonio Valencia
89%
GK Jan Oblak
89%
MF Jorginho
88%
FW Radamel Falcao
86%
DF José Giménez
85%
FW Juan Mata
85%
GK Kepa Arrizabalaga
85%
MF Mateo Kovačić
85%
GK Thibault Courtois
85%
FW Eden Hazard
84%
MF Frank Lampard
84%
FW Marcus Rashford
84%
MF N'Golo Kanté
84%
DF Andreas Christensen
83%
DF Branislav Ivanović
83%
FW Henrikh Mkhitaryan
83%
GK Sergio Romero
83%
MF Marouane Fellaini
82%
MF Paul Pogba
82%
DF | MF David Luiz
80%
FW Fernando Torres
80%
DF Ashley Cole
79%
DF Gary Cahill
79%
FW Olivier Giroud
79%
FW Pedro
79%
DF Adil Rami
77%
FW Oscar
76%
MF Saúl
75%
DF Christopher Smalling
74%
DF Matteo Darmian
74%
FW Arda Turan
73%
FW Diego Costa
73%
MF Gabi
73%
MF Ivan Rakitić
73%
DF Daley Blind
72%
FW Diego Forlán
72%
DF Filipe Luís
72%
DF Juanfran
72%
DF Emerson
71%
FW Ramires
71%
DF Sime Vrsaljko
71%
DF João Miranda
70%
MF Ander Herrera
66%
FW Sergio Agüero
66%
DF Lucas Hernández
64%
MF Grzegorz Krychowiak
58%
FW Carlos Bacca
57%
GK David De Gea
56%
FW Kevin Gameiro
50%
MF Ever Banega
46%
MF Angel Correa
44%
GK Sergio Rico
41%
DF Nicolás Otamendi
36%
FW Adrián López
35%
FW Hulk
35%
DF Antonio López
34%
MF Steven N'Zonzi
34%
GK Beto
33%
DF Alvaro Pereira
31%
MF Raúl García
31%
FW Diego
30%
DF Benoît Trémoulinas
26%
MFFredy Guarín
26%
FW Vitolo
26%
DF | MF Daniel Carriço
25%
DF Federico Fazio
25%
GK Helton
25%
MF João Moutinho
25%
MF Mario Suárez
25%
MF Simão
24%
DF Tomás Ujfalusi
24%
DF | FW Coke
23%
MF Fernando
22%
FW | MF José Antonio Reyes
19%
DF Mariano
19%
MF Stéphane M'Bia
19%
DF Nicolás Pareja
17%
DF Luis Amaranto Perea
16%
DF Rolando
16%
DF Timothée Kolodziejczak
16%
DF Alberto Moreno
14%
DF Alvaro Domínguez
14%
FW Silvestre Varela
14%
DF Cristian Sapunaru
13%
MF Paulo Assunção
11%
GK David Soria
10%
DF Aleix Vidal
7%
DF Sergio Escudero
3%

Score Distribution

Percentile by Number Answered

Percent of People with Each Score

Your Score History

You have not taken this quiz